000
00299 a2200145 4500
001
72282
020
_a
040
_c
Anchieta - Colégio São Paulo
240
1
0
_a
Palavra - Vida
_l
por
245
1
0
_a
Palavra - Vida
300
_a
258
362
0
_a
2000
650
4
_a
Poesia brasileira
942
_c
BK
999
_c
72282
_d
72282